| 000 | 00738cam a2200205Ia 4500 | ||
|---|---|---|---|
| 020 | _a0439240921 (pbk.) | ||
| 020 | _a9780439240925 (pbk.) | ||
| 040 | _cIOI | ||
| 082 | _a813 SCH 1998 A093 Or. | ||
| 100 | 1 | _aPeck, Richard, | |
| 245 | 1 | 2 |
_aA long way from Chicago : _ba novel in stories / |
| 260 |
_aNew York : _bScholastic Inc., _c1998 |
||
| 300 |
_a148 p. ; _c20 cm |
||
| 500 | _a"This edition is only available for distribution through the school market."--P. [4] of cover | ||
| 520 | _aA boy recounts his annual summer trips to rural Illinois with his sister during the Great Depression to visit their larger-than-life grandmother | ||
| 650 | 0 | _aGrandmothers | |
| 650 | 0 | _aDepressions | |
| 650 | 0 | _aCountry life | |
| 942 | _cEK | ||
| 999 |
_c13153 _d13153 |
||